| 000 | 00568cam a22002171 4500 | ||
|---|---|---|---|
| 001 | sa 67000332 | ||
| 003 | DLC | ||
| 005 | 20260227112314.0 | ||
| 008 | 890415s1963 io 000 0 dut | ||
| 010 | _asa 67000332 | ||
| 035 | _a(OCoLC)23431429 | ||
| 040 |
_aDLC _cMiU _dDLC |
||
| 042 | _apremarc | ||
| 050 | 0 | 0 |
_aHB180.I5 _bK4 |
| 110 | 2 | _aKertonegoro. | |
| 245 | 1 | 0 | _aDiktat kuliah untuk tingkat doctoral. |
| 260 |
_aJogjakarta, _bPenerbit Diktat UGM Dwitunggal _c[1963?] |
||
| 300 |
_a58 p. _c21 cm. |
||
| 650 | 0 | _aEconomics | |
| 740 | 0 | _aPolitik perekonomian. | |
| 999 |
_c71919 _d71919 |
||